| 000 | 00410nam a22001457a 4500 | ||
|---|---|---|---|
| 082 |
_a552 _bKEM _cL-15, P-22 |
||
| 100 |
_aKemp, James Furman _940321 |
||
| 245 |
_aA handbook of rocks / _cJames Furman Kemp |
||
| 250 | _a6th ed. | ||
| 260 |
_aNew York : _bD.Van Nostrand Company, Inc. _c1927. |
||
| 300 | _axiii, 300 p. : | ||
| 526 |
_a0 _b0 _c0 _d552_000000000000000_KEM |
||
| 650 |
_aMCE _9379 |
||
| 942 |
_2ddc _cBK |
||
| 999 |
_c544645 _d544645 |
||